| 000 | 01072nam a22003251i 4500 | ||
|---|---|---|---|
| 001 | bslw10083460 | ||
| 005 | 20240305165657.0 | ||
| 006 | m o d | ||
| 007 | cr un ---uuuua | ||
| 008 | 230830e202305 pe ob 000 0 spa d | ||
| 020 | _a9786123253332 | ||
| 035 | _a38860 | ||
| 040 |
_aUtOrBLW _beng _erda _cUtOrBLW |
||
| 043 | _as-pe--- | ||
| 050 | 4 |
_aKHQ3421 _b.G36 2023 |
|
| 082 | 0 | 4 |
_a344.85046 _223 |
| 100 | 1 |
_aGamboa Balbín, César Leonidas, _eauthor. |
|
| 245 | 1 | 0 |
_aEl derecho ambiental en la jurisprudencia del tribunal constitucional / _cestudio preliminar de César Gamboa Balbín. |
| 250 | _aPrimera edición. | ||
| 264 | 1 |
_aPerú : _bPalestra Práctica, _cmayo de 2023. |
|
| 300 | _a1 online resource (179 pages) | ||
| 336 |
_atext _btxt _2rdacontent |
||
| 337 |
_acomputer _bc _2rdamedia |
||
| 338 |
_aonline resource _bcr _2rdacarrier |
||
| 504 | _aIncludes bibliographical references. | ||
| 650 | 0 |
_aEnvironmental law _zPeru. |
|
| 650 | 0 |
_aConstitutional law _zPeru. |
|
| 856 | 4 | 0 | _uhttps://app.vlex.com/#/sources/38860 |
| 942 | _cRAA | ||
| 999 |
_c173156 _d173156 |
||